00714cam a2200205 a 4500020001500000082001200015100002400027245003400051250001200085260004000097300006700137500008600204500002000290650001800310650002600328700002000354942000700374999001500381952011200396 a069716054800a576 TAL1 aTalaro, Kathleen P.10aFoundations in microbiology / a2nd ed. aDubuque, IA :bWm.C. Brown,cc1996. axxvi, 861, [48] p. :bill. (some col.) ;e1 computer diskette. aSystem requirements: IBM PC or compatible computers, 486/25 MHz SX or better CPU. aIncludes index. 0aMicrobiology. 0aMedical microbiology.1 aTalaro, Arthur. cBK c1710d1710 0010708NFICaICbICcGENd2015-07-26l1o576 TALp002558r2022-11-17 00:00:00s2016-02-11w2015-07-26yBK